日本のボートレース場 - Statistics

General Stats
  • This quiz has been taken 128 times
    127 since last reset
  • The average score is 12 of 24
Answer Stats
答え % Correct
戸田
67%
蒲郡
64%
江戸川
62%
住之江
61%
平和島
60%
浜名湖
60%
尼崎
58%
大村
57%
多摩川
56%
下関
53%
51%
びわこ
51%
唐津
51%
若松
48%
桐生
47%
児島
47%
宮島
47%
福岡
46%
丸亀
44%
芦屋
43%
常滑
41%
鳴門
41%
三国
38%
徳山
37%
No matching quizzes found
Score Distribution
Percent of People with Each Score
Percentile by Number Answered
Your Score History
You have not taken this quiz since the last reset